01955nam a2200217 a 4500008004100000020001500041041000800056092001700064100002200081245002500103250004100128260003500169300002200204500006300226505110900289590006101398655001701459942001301476999001501489952023301504180523t1999 ag ||||gr|||| 000 1 spa d a9500419335 aspa c808l13sCOO1 aCook, Robin93090 aToxina /cRobin Cook a1a ed.bTraducción Raquel Albornoz aBuenos Aires:bEmecé;c1999. a352 p.c23x15 cm. aCook, R. (1999). Toxina. (1a ed.). Buenos Aires : Emecé. aCuando el Dr. Kim Reggis, eminente cirujano cardiovascular, lleva a su hija Becky a cenar en un local de comida rápida, no sabe que pone en marcha un tragedia que marcará su vida para siempre. Esa noche, Becky resulta gravemente intoxicada con la bacteria e.coli. Al llevarla de urgencia a la guardia del hospital, Reggis se enfrenta a las realidades de la medicina actual donde, con tal abaratar costos, nuevas regulaciones restringen el acceso a tratamientos que pueden salvar la vida de su hija. El estado de Becky empeora y Reggis no sabe qué hacer para detener el avance inexorable del mal. Enloquecido, decide investigar las causas de la intoxicación de su hija. Su búsqueda lo lleva desde las sórdidas prácticas de los mataderos hasta las maniobras políticas de la industria de la carne y de los organismos estatales encargados de controlarla. Robin Cook, decanos de los novelistas de suspenso médico, nos trae un thriller atrapante que es, además, un inquietante testimonio sobre la indefensión del ciudadano común ante los riesgos de la contaminación de los alimentos.  aProyecto 4to libro. Donación Lara Victoria, Mayo 2018. aNovela93091 2ddccLIT c2788d2788 00102ddc40708FICaBFMbBFMcCRd2018-05-24eProyecto 4to. Donación Lara Victoria, Mayo 2018.l5m2o808 13 COOp4279r2024-04-03s2024-03-19tEj. 1w2018-05-24yLITzProyecto 4to Libro. Donación Lara Victoria, Mayo 2018.